South Asia File (Record no. 14965)

MARC details
000 -LEADER
fixed length control field 00609nam a2200241 a 4500
020 ## - INTERNATIONAL STANDARD BOOK NUMBER
ISBN 9788184540857
082 00 - DEWEY DECIMAL CLASSIFICATION NUMBER
Classification number 325.30954
Author Cutter VEP
100 ## - MAIN ENTRY--AUTHOR NAME
Author name Vepa, Kosla
245 ## - TITLE STATEMENT
Title South Asia File
Sub title A Colonial Paradigm of Indian History...
260 ## - PUBLICATION, DISTRIBUTION, ETC. (IMPRINT)
Place of publication Delhi
Name of publisher Originals
Year of publication 2009
300 ## - PHYSICAL DESCRIPTION
Number of Pages 215p
500 ## - GENERAL NOTE
General note includes index and biblioraphy
505 2# - FORMATTED CONTENTS NOTE
Formatted contents note index
650 ## - SUBJECT ADDED ENTRY--TOPICAL TERM
Topical Term Colonialism-India
942 ## - ADDED ENTRY ELEMENTS (KOHA)
Koha item type Books
700 1# -
-- Vepa, Kosla
Holdings
Collection code Home library Current library Date acquired Cost, normal purchase price Full call number Accession Number Koha item type
  Henry Martyn Institute Library Henry Martyn Institute Library 10/28/2010 595.00 325.30954 VEP 023385 Books
                   Copyright © 2026 | Henry Martyn Institute | Hyderabad | TS-500052 | INDIA | Implemented by hmi.edu.in
Hit-Count:

Powered by Koha